Normal view
MARC view
- Riquelme, Jesucristo
Entry Nombre Personal
001 - NUMERO DE CONTROL
- campo de control: 34505
003 - IDENTIFICADOR DE NUMERO DE CONTROL
- campo de control: UPN
005 - FECHA Y HORA DE LA ÜLTIMA TRANSACCIÓN
- campo de control: 20210219194453.0
008 - DATOS DE LONGITUD FIJA
- campo de control de longitud fija: nabaccnnaabn|||||||||| b |nc|||||d
035 ## - NUMERO DE CONTROL
- Número de control: UPN11000006612
040 ## - FUENTE DE CATALOGACIÓN
- Lenguaje de catalogación: SPA
- Agencia de transcripción: UPN
100 1# - ENCABEZAMIENTO - NOMBRE PERSONAL
- Nombre personal: Riquelme, Jesucristo
670 ## - FUENTE EN LA QUE SE LOCALIZARON DATOS
- Cita de la fuente: T
- Uniform Resource Identifier: http://elpoetamiguelhernandez.wordpress.com/2010/05/24/jesucristo-riquelme-miguel-hernandez-es-un-poeta-maldito/
680 ## - NOTA PUBLICA DE ACCESO PÚBLICO
- Frase explicativa de la referencia: Jesucristo Riquelme es Catedrático de Lengua y Literatura. Ha pasado parte de su vida leyendo y escribiendo sobre Miguel Hernández
902 ## - CATALOGADOR
- Catalogador: MCM/031213
